X-Men Villains - Statistics

General Stats
  • This quiz has been taken 102 times
    90 since last reset
  • The average score is 12 of 18
Answer Stats
Power/Origin Alter Ego Villain % Correct
Has the ability to control metal Erik Lehnsherr Magneto
100%
The first mutant believes that only the strong mutants can survive En Sabuh Nur Apocalypse
95%
Shape shifter who is not always a villain and fought along side the X-Men multiple times Raven Darkholme Mystique
95%
Step brother of Professor X who has super strength Cain Marko Juggernaut
93%
Has tiger like powers and enhanced durability Victor Creed Sabretooth
88%
Has a very fat and thick skin Frederick Dukes Blob
84%
Can manipulate fire he is the biggest foe off Iceman John Allerdyce Pyro
84%
Very ugly man left by his parents has a poisoness tongue Mortimer Toynbee Toad
84%
Mutant with her nailes that are like knives Yuriko Oyama Lady Deathstrike
74%
Scientist who got mutated by #2 he can create, clone and control mutant abilities Nathaniel Essex Mr Sinister
74%
Beast from an Alternate reality Hank McCoy Dark Beast
63%
Former soldier who learned his son was a mutant so he killed his family wants to exterminate all mutants N/A William Stryker
63%
Founding member of the Brotherhood of Evil Mutants has telepathic and illusionary powers Jason Wyngarde Mastermind
49%
Son of Wolverine adopted by a Chinese familiy who he kills later in his life N/A Daken
48%
Born in the mind of Professor X he can absorb other powers N/A Onslaught
41%
Clone of the real Nathan Summers: Cable Nathan Summers Stryfe
33%
Bounty Hunter who can turn his body in anything he wants Marshall Evan Stone Random
16%
Former CIA agent captured by the Mandarin has Super Strenght and tried to assasinate Robert Kelly twice Kevin Tremain Post
10%
No matching quizzes found
Score Distribution
Percent of People with Each Score
Percentile by Number Answered
Your Score History
You have not taken this quiz since the last reset